| 000 | 01057cam a2200241 a 4500 | ||
|---|---|---|---|
| 001 | 000006500 | ||
| 005 | 20200929153936.0 | ||
| 008 | 900426s1989 cl a f000 0 spa d | ||
| 020 | _a9586430499 (tapa dura) | ||
| 040 |
_aDO-SdBNP _bspa _cBNPHU |
||
| 082 |
_a986.1 _bE36r |
||
| 245 | 0 | 4 |
_aLos ejercitos del rey / _ccompilación y prólogo Alberto Lee Lopez. |
| 260 |
_aBogotá, Colombia : _bFundación para la conmemoración del bicentenario del natalicio y el sesquicentenario de la muerte del general Francisco de Paula Santander, _c1989. |
||
| 300 |
_av. ; _c26 cm. |
||
| 490 | 1 |
_aDocumentos ; _v16 |
|
| 490 | 1 | _aBiblioteca de la Presidencia de la República | |
| 504 | _aBibliográfía : p. 365-366. | ||
| 505 | 0 |
_gv. 2. _t1818-1819. |
|
| 700 | 1 |
_aLee-Lopez, Alberto, _ecomp. _918020 |
|
| 710 | 1 |
_aFundación para la conmemoración del bicentenario del natalicio y el sesquicentenario de la muerte del general Francisco de Paula Santander. _918021 |
|
| 830 | 0 |
_aDocumentos ; _n16 _918022 |
|
| 830 | 0 |
_aBiblioteca de la Presidencia de la República _97504 |
|
| 999 |
_c6291 _d6291 |
||